Tribhuvan University Central Library

Introduction to theoretical linguistics (Record no. 73104)

MARC details
000 -LEADER
fixed length control field 00470 a2200181 4500
041 ## - LANGUAGE CODE
Language code of text/sound track or separate title Eng
082 ## - DEWEY DECIMAL CLASSIFICATION NUMBER
Classification number 401
Item number L989i
100 ## - MAIN ENTRY--PERSONAL NAME
Personal name Lyons, John
245 ## - TITLE STATEMENT
Title Introduction to theoretical linguistics
260 ## - PUBLICATION, DISTRIBUTION, ETC.
Place of publication, distribution, etc. Cambridge;
Name of publisher, distributor, etc. Cambridge University Press,
Date of publication, distribution, etc. 1968
300 ## - PHYSICAL DESCRIPTION
Extent x, 519p. illus
504 ## - BIBLIOGRAPHY, ETC. NOTE
Bibliography, etc. note Bibliography: p. 490-505
650 ## - SUBJECT ADDED ENTRY--TOPICAL TERM
Topical term or geographic name entry element Linguistics
650 ## - SUBJECT ADDED ENTRY--TOPICAL TERM
Topical term or geographic name entry element English grammar
650 ## - SUBJECT ADDED ENTRY--TOPICAL TERM
Topical term or geographic name entry element Semantics
653 ## - INDEX TERM--UNCONTROLLED
Uncontrolled term Language and languages
942 ## - ADDED ENTRY ELEMENTS (KOHA)
Source of classification or shelving scheme Dewey Decimal Classification
Koha item type General Collections
Holdings
Withdrawn status Lost status Source of classification or shelving scheme Damaged status Not for loan Home library Current library Date acquired Total Checkouts Full call number Barcode Date last seen Date last checked out Price effective from Koha item type
    Dewey Decimal Classification     Tribhuvan University Central Library Tribhuvan University Central Library 07/28/2014 1 401 L989i 91487 06/17/2019 05/24/2019 07/28/2014 General Collections